00611nam a2200145Ia 4500008004100000050002300041100002100064245012700085260008600212300002000298521001500318942000700333999001900340952010600359140724s9999 xx 000 0 und d aBF 637b.D812 2014 aDu, Mar Chino C. aPersonality types and levels of aggressive behavior of selected young male drivers in Las Piñas City /cMar Chino C. Du. aLas Piñas, Philippines :bSouthville International School and Colleges,cc2014. a64 p. :c28 cm. aPsychology cTH c229349d229349 001040aCLbCLcTHESESd2014-07-24l0oBF 637 .D812 2014pT0703r2018-05-15 00:00:00w2014-07-24yTH